Score 0/16 Timer 03:00
0 Plays Today
Question Answer Wrong Answers
Abbreviation: MT Montana
92.9%
Missouri
4%
Capital: Jefferson City Missouri
91.2%
Montana
5.8%
National Park: Gateway Arch Missouri
88.9%
Montana
7.5%
41st State Montana
88.9%
Missouri
7.5%
24th State Missouri
88.1%
Montana
9.7%
Capital: Helena Montana
88.1%
Missouri
8.4%
Nickname: Big Sky County Montana
87.2%
Missouri
8.8%
National Park: Glacier Montana
86.7%
Missouri
9.3%
Statehood: August 10, 1821 Missouri
85.8%
Montana
11.1%
Nickname: Show Me State Missouri
85.8%
Montana
10.2%
Motto: Oro y Plata (Gold and Silver) Montana
82.3%
Missouri
13.7%
Abbreviation: MO Missouri
80.5%
Montana
15.9%
Statehood: November 8, 1889 Montana
78.8%
Missouri
16.8%
State Bird: Western Meadowlark Montana
73%
Missouri
22.1%
State Bird: Bluebird Missouri
72.1%
Montana
24.8%
Motto: Salus populi suprema lex esto (The welfare of the people shall be the supreme law) Missouri
71.2%
Montana
25.2%
Remove Ads.
Support Sporcle.
Get the best of Sporcle when you Go Orange. This ad-free experience offers more features, more stats, and more fun while also helping to support Sporcle. Thank you for becoming a member.

You're not logged in!

Compare scores with friends on all Sporcle quizzes.
OR
Log In

Sporcle TV

Today on Sporcle TV


Watch our educational content, quiz creation guides, and fun videos on Sporcle TV.

Show Comments

Extras

Top Quizzes Today


Score Distribution

Paid Content

Your Account Isn't Verified!

In order to create a playlist on Sporcle, you need to verify the email address you used during registration. Go to your Sporcle Settings to finish the process.

Report this User

Report this user for behavior that violates our Community Guidelines.

Details: